| 000 | 00925cam a22002774a 4500 | ||
|---|---|---|---|
| 001 | 11969237 | ||
| 003 | OSt | ||
| 005 | 20160811094850.0 | ||
| 008 | 000410s2000 enka 001 0 eng | ||
| 010 | _a 00030434 | ||
| 020 | _a0789459655 | ||
| 040 |
_aDLC _cDLC _dDLC |
||
| 042 | _apcc | ||
| 050 | 0 | 0 |
_aNA200 _b.G527 2000 |
| 082 | 0 | 0 |
_a720/.9 _221 |
| 100 | 1 | _aGlancey, Jonathan. | |
| 245 | 1 | 4 |
_aThe story of architecture / _cJonathan Glancey. |
| 250 | _a1st American ed. | ||
| 260 |
_aLondon ; _aNew York : _bDorling Kindersley, _c2000. |
||
| 300 |
_a240 p. : _bcol. ill. ; _c29 cm. |
||
| 500 | _aIncludes index. | ||
| 650 | 0 |
_aArchitecture _xHistory. |
|
| 906 |
_a7 _bcbc _corignew _d1 _eocip _f20 _gy-gencatlg |
||
| 942 |
_2lcc _cBOOKS _hNA 200 .G527 2000 |
||
| 999 |
_c13443 _d13443 |
||